Score 0/24 Timer 03:00
3 Plays Today
% Correct
Fiance
88.3%
Germane
87.1%
Omen
83.8%
Angela
83.1%
Cubs
82.2%
Grenade
81%
Prance
80.8%
Begin
77.2%
Iron
76.8%
Brunet
74.1%
Roland
73.3%
Chaw
70.1%
% Correct
Pajama
66.9%
Bran
66.5%
Gambit
66.1%
Nicer
64.5%
Chica
63.7%
Spawn
63.4%
Lays
59%
Malt
55%
Perk
46.5%
While
45.5%
Susan
40.7%
Samba
23.1%
Come Together.
Have Fun.
All Virtual.
We all need to come together. Play Sporcle's virtual live trivia to have fun, connect with people, and get your trivia on. Join a live hosted trivia game for your favorite pub trivia experience done virtually. If a virtual private party is more your thing, go here for details.

You're not logged in!

Compare scores with friends on all Sporcle quizzes.
OR
Log In

Sporcle TV

Today on Sporcle TV


Watch our educational content, quiz creation guides, and fun videos on Sporcle TV.

Show Comments

Extras

Top Quizzes Today


Score Distribution

Paid Content

Your Account Isn't Verified!

In order to create a playlist on Sporcle, you need to verify the email address you used during registration. Go to your Sporcle Settings to finish the process.

Report this User

Report this user for behavior that violates our Community Guidelines.

Details: